Designing the 21st Century /
Saved in:
| Other Authors: | , |
|---|---|
| Format: | Book |
| Language: | English French German |
| Published: |
Köln :
Taschen,
2005
|
| Subjects: | |
| Tags: |
No Tags, Be the first to tag this record!
|
MARC
| LEADER | 00000nam a22000003a 4500 | ||
|---|---|---|---|
| 001 | stu125421 | ||
| 005 | 20150617225904.9 | ||
| 008 | 060905s2005------------------------eng-d | ||
| 020 | |a 3-8228-4802-6 | ||
| 040 | |a STU |b slo | ||
| 041 | 0 | |a eng |a fre |a ger | |
| 100 | 1 | |a Fiell, Charlotte |4 edt | |
| 245 | 1 | |a Designing the 21st Century / |c Ed.: Fiell, Ch.-Fiell, P. | |
| 260 | |a Köln : |b Taschen, |c 2005 | ||
| 300 | |a 347 s | ||
| 650 | 7 | |a dizajn |2 stusub | |
| 650 | 7 | |a design |2 estusub | |
| 650 | 7 | |a dizajn výrobkov |2 stusub | |
| 700 | 1 | |a Fiell, Peter |4 edt | |
| 996 | |b 284AU03495 |c A*5322 U |l AAKNAR |s A |a 24 |w stu125421_0001 | ||
| 996 | |b 284AU03112 |c A*4749/U |l AAKNAR |s A |a 24 |w stu125421_0002 | ||